Logic : techniques of formal reasoning /
Guardado en:
| Autor Principal: | |
|---|---|
| Otros Autores: | |
| Formato: | Libro |
| Idioma: | English |
| Publicado: |
New York :
Harcourt, Brace & World,
c1964.
|
| Materias: | |
| Etiquetas: |
Agregar Etiqueta
Sin Etiquetas, Sea el primero en etiquetar este registro!
|
| LEADER | 00645cam a22001935a 4500 | ||
|---|---|---|---|
| 001 | MAT.inmabb003952 | ||
| 008 | 720803s1964####nyu######b####001#0#eng## | ||
| 005 | 20160526131412.0 | ||
| 245 | 1 | 0 | |a Logic : |b techniques of formal reasoning / |c Donald Kalish, Richard Montague. |
| 260 | |a New York : |b Harcourt, Brace & World, |c c1964. | ||
| 300 | |a x, 350 p. ; |c 24 cm. | ||
| 504 | |a Bibliografía: p. [341]-345. | ||
| 100 | 1 | |a Kalish, Donald. | |
| 700 | 1 | |a Montague, Richard. | |
| 650 | 0 | |a Logic, Symbolic and mathematical. | |
| 084 | |a 03-01 (03B10) |2 msc2000 | ||
| 010 | |a 64010046 | ||
| 040 | |a DLC |c ODaWU |d OCoLC |d DLC | ||
| 859 | |h 03 |i K145 |p A-2494 |b BIB. MATEMATICA | ||
